[Event "AUTO-ADV-4909"]
[Site "http://www.queenalice.com/game.php?id=1867269"]
[Date "2025.12.19"]
[Round "1"]
[White "SGF"]
[Black "Daniel1962"]
[Result "1-0"]
[WhiteElo "1710"]
[BlackElo "1808"]

1. e4 e6 2. Qf3 Bc5 3. Bc4 Nc6 4. c3 Ne5 5. Qe2 Qg5 6. g3 Ng4 7. Nh3 Qg6 8. d4
Bb6 9. Na3 N8f6 10. Nf4 Qxe4 11. Qxe4 Nxe4 12. f3 Nef2 13. Rf1 d5 14. Bb5+ c6
15. fxg4 Nxg4 16. h3 Nh2 17. Rf2 e5 18. Rxh2 exf4 19. Be2 fxg3 20. Rg2 Bxh3 21.
Rxg3 Be6 22. Rxg7 O-O-O 23. Bg4 Bxg4 24. Rxg4 h5 25. Rh4 Rde8+ 26. Kf2 Bc7 27.
Be3 Reg8 28. Bf4 Bd8 29. Rh3 Rg4 30. Kf3 f5 31. Rah1 h4 32. Nc2 Bb6 33. Ne3 Rg6
34. Nxf5 Kd7 35. Nxh4 Rf6 36. Ke3 Re8+ 37. Kf3 Re4 38. Ng2 Bc7 39. Rh7+ Kd8 40.
Rxc7 Rfxf4+ 41. Nxf4 Kxc7 42. Rh7+ Kb6 43. Rh6 Kb5 44. Rh7 Ka6 45. Nd3 b6 46.
Nb4+ Kb5 47. Rc7 c5 48. Nxd5 Re1 49. dxc5 bxc5 50. Rxa7 Rb1 51. Ke3 Kc4 52. Nb6+
Kb5 53. Na4 Kc4 54. b3+ Kb5 55. c4+ Kb4 56. Rb7+ Ka3 57. Rb5 Kxa2 58. Nc3+ Kb2
59. Nxb1 Kxb1 60. Rxc5 Kb2 61. b4 Kb3 62. b5 Kb4 63. Rc8 Ka5 64. Kd4 Kb6 65. Kd5
Kb7 66. Rc6 Kb8 67. b6 Kb7 68. c5 Kb8 69. Rc7 Ka8 70. c6 Kb8 71. Kd6 Ka8 72.
Rc8# 1-0

[Event "AUTO-ADV-4909"]
[Site "http://www.queenalice.com/game.php?id=1867270"]
[Date "2025.12.19"]
[Round "1"]
[White "Daniel1962"]
[Black "SGF"]
[Result "1-0"]
[WhiteElo "1779"]
[BlackElo "1744"]

1. e4 e5 2. Bc4 Qf6 3. Nf3 d6 4. d4 h6 5. dxe5 dxe5 6. c3 Nc6 7. Nbd2 Bg4 8. Qb3
b6 9. Bd5 Na5 10. Qa4+ c6 11. b4 b5 12. Bxf7+ Qxf7 13. Qxa5 Bd6 14. Qa6 Ne7 15.
h3 Bxf3 16. Nxf3 g5 17. Be3 Qc4 18. Qa3 a5 19. Rd1 Kd7 20. bxa5 Nd5 21. Qb3
Qxc3+ 22. Bd2 Qxb3 23. axb3 Nf4 24. Bb4 Ke8 25. Rxd6 Nxg2+ 26. Kf1 Nf4 27. Nxe5
Rd8 28. Rxd8+ Kxd8 29. Nf7+ Kc7 30. Nxh8 Nd3 31. Bf8 b4 32. Kg2 Kb7 33. Bxh6 Nc5
34. e5 Nxb3 35. e6 Kc7 36. Rd1 Nxa5 37. e7 b3 38. e8=Q Kb6 39. Bxg5 b2 40. Qb8+
Nb7 41. Rb1 Ka6 42. Rxb2 Nc5 43. Qb6# 1-0

[Event "AUTO-ADV-4909"]
[Site "http://www.queenalice.com/game.php?id=1867271"]
[Date "2025.12.19"]
[Round "1"]
[White "SGF"]
[Black "Capixaba789"]
[Result "0-1"]
[WhiteElo "1774"]
[BlackElo "1821"]

1. e4 e5 2. Qf3 Nc6 3. c3 f5 4. Bc4 Nf6 5. Qxf5 d5 6. exd5 Bxf5 7. dxc6 bxc6 8.
f3 Bd6 9. g4 Bd7 10. a4 a5 11. h4 Qe7 12. d3 Be6 13. Bxe6 Qxe6 14. c4 Bb4+ 15.
Bd2 c5 16. Bxb4 cxb4 17. b3 O-O 18. Nd2 Rad8 19. Ke2 Qd6 20. Kf2 Qxd3 21. Ne4
Nxg4+ 22. Kg3 Qxf3+ 23. Nxf3 h5 24. Neg5 Rd3 25. Rhd1 Rxb3 26. Ne6 Rfxf3+ 27.
Kg2 Rf2+ 28. Kg1 Rbb2 29. Ng5 Rg2+ 30. Kf1 Rbf2+ 31. Ke1 Re2+ 32. Kf1 Ne3# 0-1

[Event "AUTO-ADV-4909"]
[Site "http://www.queenalice.com/game.php?id=1867272"]
[Date "2025.12.19"]
[Round "1"]
[White "Capixaba789"]
[Black "SGF"]
[Result "1-0"]
[WhiteElo "1873"]
[BlackElo "1777"]

1. d4 e6 2. e4 Qf6 3. f4 Bb4+ 4. c3 Ba5 5. Nf3 h5 6. Be3 Ne7 7. Na3 a6 8. Nc4 b6
9. b4 Bxb4 10. cxb4 d5 11. e5 Qg6 12. Nh4 Qg4 13. Nf3 dxc4 14. Qc2 b5 15. a3 Bb7
16. Qf2 Bxf3 17. gxf3 Qf5 18. h4 Nbc6 19. Bh3 Qd3 20. Qd2 Nf5 21. Bxf5 Qxf5 22.
d5 exd5 23. Qxd5 Qe6 24. Qc5 f5 25. Rg1 g6 26. Rd1 Rd8 27. Rxd8+ Nxd8 28. Qxc7
O-O 29. Bc5 Re8 30. Bd6 Nf7 31. Kf2 Nxd6 32. Qxd6 Qxd6 33. exd6 c3 34. Rc1 Rd8
35. Rxc3 Rxd6 36. Re3 Rd2+ 37. Kg3 Kf7 38. Rc3 Ra2 39. Rc7+ Ke8 40. Rg7 Ra1 41.
Kg2 Ra2+ 42. Kg3 Ra1 43. Kf2 Rxa3 44. Rxg6 Ra2+ 45. Ke3 Ra3+ 46. Ke2 Ra2+ 47.
Ke3 a5 48. bxa5 Rxa5 49. Rg5 b4 50. Rxh5 b3 51. Rh8+ Kf7 52. Rb8 Ra3 53. Kd4 b2
54. Rxb2 Rxf3 55. Ke5 Kg6 56. Rg2+ Kh5 57. Kxf5 Kxh4 58. Rg8 Rf1 59. Ke5 Re1+
60. Kf6 Kh3 61. f5 Rf1 62. Ke6 Re1+ 63. Kf7 Kh2 64. f6 Re2 65. Kf8 Kh3 66. f7
Kh4 67. Rg7 Rf2 68. Kg8 Kh5 69. f8=R Rxf8+ 70. Kxf8 Kh6 71. Rg1 Kh5 72. Kf7 Kh6
73. Kf6 Kh5 74. Kf5 Kh4 75. Rg8 Kh5 76. Rh8# 1-0

[Event "AUTO-ADV-4909"]
[Site "http://www.queenalice.com/game.php?id=1867273"]
[Date "2025.12.19"]
[Round "1"]
[White "SGF"]
[Black "Pin"]
[Result "1-0"]
[WhiteElo "1713"]
[BlackElo "2091"]

1. e4 c5 2. Qf3 Nc6 3. c3 e6 4. d3 d6 5. Be2 Nf6 6. Qg3 Ne5 7. Bg5 Be7 8. Nd2
Ng6 9. h4 Bd7 10. h5 Ne5 11. a4 Qb6 12. b3 Qa5 13. d4 cxd4 14. cxd4 Nc6 15. Nf3
Nxe4 16. Qf4 Bxg5 17. Qxe4 Bf6 18. O-O Qxh5 19. Nc4 Be7 20. Nfe5 dxe5 21. Bxh5
1-0

[Event "AUTO-ADV-4910"]
[Site "http://www.queenalice.com/game.php?id=1867370"]
[Date "2025.12.27"]
[Round "1"]
[White "carlitomontana93270"]
[Black "SGF"]
[Result "0-1"]
[WhiteElo "1964"]
[BlackElo "1752"]

1. c4 c6 2. g3 e5 3. Bg2 Qf6 4. d3 Bc5 5. e3 Na6 6. Nf3 d6 7. O-O Bg4 8. Nbd2
Nb4 9. Nb3 b6 10. Nxc5 bxc5 11. h3 Bxf3 12. Bxf3 h5 13. Bxh5 Qg5 14. g4 Rxh5 15.
Qf3 Nf6 16. e4 Qg6 17. Qg3 Rh8 18. Bd2 Nxd3 19. Qxd3 Nxe4 20. Be3 Rxh3 21. Qe2
Qh7 22. Qf3 Rxf3 0-1

[Event "AUTO-ADV-4910"]
[Site "http://www.queenalice.com/game.php?id=1867371"]
[Date "2025.12.27"]
[Round "1"]
[White "SGF"]
[Black "carlitomontana93270"]
[Result "0-1"]
[WhiteElo "1735"]
[BlackElo "1933"]

1. e4 e6 2. Qf3 d6 3. d3 g6 4. Be2 Bg7 5. h4 Nf6 6. Qg3 O-O 7. h5 Nxh5 8. Bxh5
gxh5 9. Rxh5 Qf6 10. Nc3 Qg6 11. Qxg6 fxg6 12. Rh2 e5 13. Nb5 Na6 14. a3 c6 15.
Nxd6 Rd8 16. Nc4 Be6 17. Nf3 Bxc4 18. dxc4 Nc7 19. Ng5 h6 20. Nf3 Rd7 21. Bxh6
Bxh6 22. Rxh6 Kg7 23. Rh3 Kf6 24. b4 Ne6 25. Nh4 Ng7 26. Nf3 Rad8 27. c5 Ne6 28.
c3 Nf4 29. Rh2 Nd3+ 30. Kf1 Nf4 31. g3 Nh5 32. a4 Rd3 33. Ne1 Rd1 34. Rxd1 Rxd1
35. Ke2 Rc1 36. Kd2 Ra1 37. a5 Ra2+ 38. Nc2 b6 39. axb6 axb6 40. cxb6 Ra6 41. b7
Rb6 42. g4 Ng7 43. g5+ Kxg5 44. Rg2+ Kf6 45. Ne3 Rxb7 46. Nc4 Rc7 47. Ke3 c5 48.
Nb6 Kf7 49. bxc5 Rxc5 50. c4 Ne8 51. Rg5 Nd6 52. Nd7 Nxc4+ 53. Kd3 Nb2+ 54. Kd2
Nc4+ 55. Ke1 Ra5 56. f4 exf4 57. Rxa5 Nxa5 58. Kf2 g5 59. Kf3 Ke6 60. Nf8+ Kf6
61. Kg4 Ke5 62. Kf3 Nc4 63. Nd7+ Kd4 64. Nf6 Nd2+ 65. Kg4 Nxe4 66. Nh5 Ke3 67.
Kf5 f3 68. Nf4 f2 69. Ng2+ Kd4 70. Kg4 f1=Q 71. Kh3 g4+ 72. Kxg4 Qxg2+ 73. Kf4
Qf2+ 74. Kg4 Ke5 75. Kh5 Qg3 76. Kh6 Kf6 77. Kh7 Qg7# 0-1

[Event "AUTO-OPEN-4633"]
[Site "http://www.queenalice.com/game.php?id=1867755"]
[Date "2026.1.9"]
[Round "1"]
[White "SGF"]
[Black "delphicoracle"]
[Result "0-1"]
[WhiteElo "1727"]
[BlackElo "2654"]

1. e4 Nf6 2. Qf3 Nc6 3. c3 d5 4. d3 Bg4 5. Qg3 dxe4 6. h3 Bh5 7. d4 e5 8. Bg5
exd4 9. Bb5 Be7 10. c4 O-O 11. Bh6 Bg6 12. h4 gxh6 13. h5 Bd6 14. f4 exf3 15.
Nxf3 Bxg3+ 16. Ke2 Nxh5 17. Nbd2 Qe7+ 18. Kf1 Rae8 19. Kg1 Qe3+ 20. Kf1 Qf2# 0-1

[Event "AUTO-OPEN-4633"]
[Site "http://www.queenalice.com/game.php?id=1867756"]
[Date "2026.1.9"]
[Round "1"]
[White "delphicoracle"]
[Black "SGF"]
[Result "1-0"]
[WhiteElo "2655"]
[BlackElo "1725"]

1. e4 e5 2. Bc4 Qf6 3. Nf3 Bc5 4. O-O Be7 5. Nc3 c6 6. d4 d6 7. Bg5 Qg6 8. Bxe7
Nxe7 9. dxe5 b5 10. exd6 Ng8 11. Ne5 Qf6 12. Bxf7+ Kd8 13. f4 Bd7 14. Bxg8 Rxg8
15. Nd5 cxd5 16. Qxd5 Be6 17. Qxa8 Kc8 18. Nc6 Kd7 19. Qb7+ Kxd6 20. e5+ Qxe5
21. fxe5+ Kc5 22. Nxb8 a5 23. Qc6+ Kb4 24. Qxe6 Rxb8 25. Qd6+ Ka4 26. Qa3# 1-0

[Event "AUTO-INT-3952"]
[Site "http://www.queenalice.com/game.php?id=1867807"]
[Date "2026.1.9"]
[Round "2"]
[White "SGF"]
[Black "dosoldini"]
[Result "1-0"]
[WhiteElo "1728"]
[BlackElo "1615"]

1. e4 e5 2. Qf3 a6 3. Bc4 Nf6 4. d3 h6 5. h4 Nc6 6. c3 b5 7. Bd5 Bb7 8. b4 Nxd5
9. exd5 Ne7 10. Qe2 d6 11. c4 Nf5 12. g4 Nxh4 13. g5 Nf5 14. cxb5 Bxd5 15. bxa6
Bxh1 16. gxh6 Rxh6 17. Bxh6 gxh6 18. Nd2 Qh4 19. a3 Qg5 20. O-O-O Rxa6 21. d4
Nxd4 22. Qxa6 Nb3+ 23. Kc2 Nxd2 24. Rxd2 Qxg1 25. Qc8+ Ke7 26. Qxc7+ Ke6 27.
Qc8+ Kf6 28. Qxf8 Be4+ 29. Kb2 Qb1+ 30. Kc3 Qa1+ 31. Kb3 d5 32. Qxh6+ Bg6 33.
Qh8+ 1-0

[Event "AUTO-INT-3952"]
[Site "http://www.queenalice.com/game.php?id=1867808"]
[Date "2026.1.9"]
[Round "2"]
[White "dosoldini"]
[Black "SGF"]
[Result "1-0"]
[WhiteElo "1604"]
[BlackElo "1771"]

1. e4 e5 2. Nc3 c6 3. Nf3 Qf6 4. a3 d6 5. h3 Be7 6. Bc4 b5 7. Bd3 g5 8. Be2 a5
9. d4 exd4 10. Bxg5 Qg6 11. Qxd4 f6 12. h4 h5 13. Bd3 Nd7 14. e5 Qf7 15. Qe3
fxg5 16. hxg5 Nc5 17. exd6 Nxd3+ 18. Qxd3 Qe6+ 19. Ne4 Bxd6 20. O-O-O Ke7 21.
Rhe1 Kd8 22. Nxd6 Qa2 23. Ne8+ Qd5 24. Qe3 Qxd1+ 25. Rxd1+ Bd7 26. Qe6 Ra7 27.
Ne5 Ne7 28. Nf7+ Kxe8 29. Nd6+ Kd8 30. Qe5 Ng6 31. Nf7+ Kc8 32. Qf6 Rg8 33. Nh6
Rf8 34. Qxg6 Bg4 35. Nxg4 hxg4 36. Qe6+ Kb8 37. Qd6+ Rc7 38. Qxf8+ Kb7 39. g6
Rc8 40. Qh6 a4 41. g7 Rg8 42. Rd7+ Kb6 43. Qe3+ c5 44. Qe6+ Ka5 45. Ra7# 1-0

[Event "AUTO-OPEN-4634"]
[Site "http://www.queenalice.com/game.php?id=1868034"]
[Date "2026.1.15"]
[Round "1"]
[White "Jomaley"]
[Black "SGF"]
[Result "0-1"]
[WhiteElo "1368"]
[BlackElo "1730"]

1. e4 e5 2. Nf3 Qf6 3. Bc4 d6 4. d3 h6 5. O-O Be7 6. h3 Qg6 7. g4 a6 8. Nc3 c6
9. Be3 h5 10. Nh2 hxg4 11. Nxg4 Rxh3 12. Kg2 Bxg4 13. f3 Bxf3+ 14. Kf2 Qg3# 0-1

[Event "AUTO-OPEN-4635"]
[Site "http://www.queenalice.com/game.php?id=1868272"]
[Date "2026.1.21"]
[Round "1"]
[White "EdsonEstevam"]
[Black "SGF"]
[Result "0-1"]
[WhiteElo "1729"]
[BlackElo "1749"]

1. e4 e5 2. Nf3 Qf6 3. Nc3 c6 4. d3 h6 5. a3 d6 6. Be2 Be7 7. h3 Qg6 8. O-O Bxh3
9. g3 Bxf1 10. Bd2 Bxe2 11. Nxe2 h5 12. Kf1 Nd7 13. Neg1 h4 14. gxh4 Bxh4 15.
Ke1 Bf6 16. Be3 Rh1 17. Kd2 Ne7 18. Qe2 Nc5 19. b3 a5 20. a4 Qg4 21. Bxc5 dxc5
22. Kc3 Ng6 23. Qe3 b6 24. Kb2 Kd7 25. c4 Nh4 26. Nxh4 Bxh4 27. Qf3 Qxf3 28.
Nxf3 Rxa1 29. Kxa1 Bxf2 30. Nxe5+ Ke6 31. Ng4 Bd4+ 32. Ka2 Rh8 0-1

[Event "AUTO-OPEN-4635"]
[Site "http://www.queenalice.com/game.php?id=1868273"]
[Date "2026.1.21"]
[Round "1"]
[White "SGF"]
[Black "EdsonEstevam"]
[Result "0-1"]
[WhiteElo "1748"]
[BlackElo "1700"]

1. e4 e5 2. Qf3 d6 3. d3 Nf6 4. Be2 Nc6 5. c3 Bg4 6. Qg3 Bxe2 7. Nxe2 h6 8. b4
b5 9. a4 a6 10. a5 Ne7 11. h4 Ng6 12. h5 Nf4 13. Bxf4 Rc8 14. Be3 c6 15. Bb6 Qd7
16. f3 d5 17. Qxe5+ Be7 18. Nf4 O-O 19. exd5 Rfe8 20. Qd4 Bc5+ 21. Ne6 Bxd4 22.
cxd4 Nxd5 23. O-O Qxe6 24. Nd2 Qf5 25. Ne4 Re6 26. g4 Qf4 27. Rae1 Nxb4 28. Nc5
Qg3+ 29. Kh1 Rxe1 30. Rxe1 Qxe1+ 31. Kg2 Re8 32. Ne4 Nxd3 33. Bc7 b4 34. Bg3
Qe2+ 35. Bf2 Rd8 36. Kg3 b3 37. Bg1 Qe1+ 38. Kg2 Nf4+ 39. Kh1 b2 40. Nc5 b1=Q
41. Nxa6 Qh4# 0-1

[Event "Challenge"]
[Site "http://www.queenalice.com/game.php?id=1868365"]
[Date "2026.1.23"]
[Round "-"]
[White "JoseMessias"]
[Black "SGF"]
[Result "0-1"]
[WhiteElo "1628"]
[BlackElo "1737"]

1. g3 e5 2. Bg2 Qf6 3. f4 exf4 4. g4 Qh4+ 5. Kf1 Qxg4 6. h3 Qg3 7. Nf3 f6 8. h4
Bc5 9. e3 b6 10. d4 fxe3 11. dxc5 Qf2# 0-1